000 00616nam a2200193 i 4500
001 66019
003 ES-MaACL
005 20230906165527.0
007 t|
008 040126s1962 sp ||||1| spa d
080 _a572(465.2)
100 1 _aFusté Ara, Miguel.
_9150522
245 1 3 _aLa población aragonesa
_b: estudio antropológico /
_cMiguel Fusté y José Pons.
260 _aZaragoza :
_bInstitución Fernando el Católico,
_c1962.
300 _a90 p., 5 lám. ;
_c24 cm.
651 4 _aAragón-
_xGeografía humana.
_9150523
700 0 _aPons Rosell, José.
_993025
852 _aES-MaACL
_jC-22496
_bR.50797
999 _c66019
_d66019